000 00617nam a2200241Ia 4500
003 OSt
005 20221005131748.0
006 a|||||r|||| 00| 0
007 ta
008 221004b |||||||| |||| 00| 0 mal d
024 _a55157
037 _cTextual
040 _aCRL
_cCRL
_bmal
041 _2mal
_amal
082 _aO32,1N11,3, H2
100 _aCannampula Au.
_9640036
245 0 _aSudhamgada
260 _c1942
650 _a MALAYALAM POETRY
_9185636
650 _aMALAYALAM LITERATURE
_938866
942 _hO32,1N11,3, H2
_cTEXL
_2cc
999 _c1061316
_d1061316